000 00494nam a22001817a 4500
005 20251108165806.0
008 250721s1985 xx 000 0 ara d
082 1 4 _aط/614.88/وين
100 1 _aوينتش، بريندا
245 1 0 _aالإسعاف الأولي /
250 _aط2
264 1 _aليماسول :
_bميدليفانت،
_c1985.
300 _a32ص
490 0 _aإعمل بنفسك
650 1 7 _aالإسعافات الأوليه
942 _2ddc
_cBK
999 _c31426
_d31426